<?xml version="1.0" encoding="UTF-8"?>
<record
    xmlns:xsi="http://www.w3.org/2001/XMLSchema-instance"
    xsi:schemaLocation="http://www.loc.gov/MARC21/slim http://www.loc.gov/standards/marcxml/schema/MARC21slim.xsd"
    xmlns="http://www.loc.gov/MARC21/slim">

  <leader>01850nam a2200481 a 4500</leader>
  <controlfield tag="001">000016856</controlfield>
  <controlfield tag="003">DO-SdBNP</controlfield>
  <controlfield tag="005">20170922123252.0</controlfield>
  <controlfield tag="007">000016856</controlfield>
  <controlfield tag="008">100311s2010    dr            001 0 spa d</controlfield>
  <datafield tag="020" ind1=" " ind2=" ">
    <subfield code="a">9789993431329</subfield>
  </datafield>
  <datafield tag="040" ind1=" " ind2=" ">
    <subfield code="a">BPMSU</subfield>
    <subfield code="b">spa</subfield>
    <subfield code="c">BPMSU</subfield>
  </datafield>
  <datafield tag="082" ind1="0" ind2="4">
    <subfield code="a">174.957</subfield>
    <subfield code="b">H831zg</subfield>
  </datafield>
  <datafield tag="100" ind1="1" ind2=" ">
    <subfield code="a">Guti&#xE9;rrez Laboy, Roberto</subfield>
  </datafield>
  <datafield tag="245" ind1="1" ind2="0">
    <subfield code="a">Eugenio Mar&#xED;a de Hostos :</subfield>
    <subfield code="b">precursor de la bio&#xE9;tica en Am&#xE9;rica Latina /</subfield>
    <subfield code="c">Roberto Guti&#xE9;rrez Laboy ; pr&#xF3;logo Leonides Santos y Vargas.</subfield>
  </datafield>
  <datafield tag="260" ind1=" " ind2=" ">
    <subfield code="a">Santo Domingo :</subfield>
    <subfield code="b">BNPHU,</subfield>
    <subfield code="c">2010.</subfield>
  </datafield>
  <datafield tag="300" ind1=" " ind2=" ">
    <subfield code="a">209p.</subfield>
    <subfield code="c">23 cm.</subfield>
  </datafield>
  <datafield tag="490" ind1="1" ind2=" ">
    <subfield code="a">Filosof&#xED;a</subfield>
  </datafield>
  <datafield tag="500" ind1=" " ind2=" ">
    <subfield code="a">Incluye referencias bibliogr&#xE1;ficas y notas al pie de las p&#xE1;ginas </subfield>
  </datafield>
  <datafield tag="500" ind1=" " ind2=" ">
    <subfield code="a">Incluye  &#xED;ndice onom&#xE1;stico</subfield>
  </datafield>
  <datafield tag="500" ind1=" " ind2=" ">
    <subfield code="a">Incluye datos biogr&#xE1;ficos del autor en la solapa de cubierta</subfield>
  </datafield>
  <datafield tag="504" ind1=" " ind2=" ">
    <subfield code="a">Bibliograf&#xED;a : p. 187-197</subfield>
  </datafield>
  <datafield tag="600" ind1="1" ind2="4">
    <subfield code="a">HOSTOS ,  EUGENIO MAR&#xCD;A DE,</subfield>
    <subfield code="y">1839-1933</subfield>
  </datafield>
  <datafield tag="650" ind1=" " ind2="4">
    <subfield code="a">BIO&#xC9;TICA</subfield>
    <subfield code="z">AM&#xC9;RICA LATINA</subfield>
    <subfield code="x">HISTORIA</subfield>
  </datafield>
  <datafield tag="700" ind1="1" ind2=" ">
    <subfield code="a">Santos y Vargas, Leonides,</subfield>
    <subfield code="e">pr&#xF3;l.</subfield>
  </datafield>
  <datafield tag="710" ind1="2" ind2=" ">
    <subfield code="a">Biblioteca Nacional Pedro Henr&#xED;quez Ure&#xF1;a</subfield>
  </datafield>
  <datafield tag="830" ind1=" " ind2="0">
    <subfield code="a">Filosof&#xED;a</subfield>
  </datafield>
  <datafield tag="910" ind1=" " ind2=" ">
    <subfield code="a">Validado. Control de calidad MFF</subfield>
  </datafield>
  <datafield tag="930" ind1=" " ind2="1">
    <subfield code="l">BND01</subfield>
    <subfield code="m">LF1</subfield>
    <subfield code="8">20100311</subfield>
    <subfield code="f">04</subfield>
    <subfield code="p">HD</subfield>
    <subfield code="g">11606</subfield>
    <subfield code="h">e. 3</subfield>
  </datafield>
  <datafield tag="930" ind1=" " ind2="1">
    <subfield code="l">BND01</subfield>
    <subfield code="m">LF1</subfield>
    <subfield code="8">20100325</subfield>
    <subfield code="f">04</subfield>
    <subfield code="p">HD</subfield>
    <subfield code="g">11606</subfield>
    <subfield code="h">e. 4</subfield>
  </datafield>
  <datafield tag="930" ind1=" " ind2="1">
    <subfield code="l">BND01</subfield>
    <subfield code="m">LF1</subfield>
    <subfield code="8">20100325</subfield>
    <subfield code="f">04</subfield>
    <subfield code="p">HD</subfield>
    <subfield code="g">11606</subfield>
    <subfield code="h">e. 5</subfield>
  </datafield>
  <datafield tag="930" ind1=" " ind2="1">
    <subfield code="l">BND01</subfield>
    <subfield code="m">LF1</subfield>
    <subfield code="8">20100311</subfield>
    <subfield code="f">01</subfield>
    <subfield code="p">HD</subfield>
    <subfield code="g">11605</subfield>
  </datafield>
  <datafield tag="930" ind1=" " ind2="1">
    <subfield code="l">BND01</subfield>
    <subfield code="m">LF1</subfield>
    <subfield code="8">20100311</subfield>
    <subfield code="f">01</subfield>
    <subfield code="p">HD</subfield>
    <subfield code="g">11605</subfield>
    <subfield code="h">e. 2</subfield>
  </datafield>
  <datafield tag="942" ind1=" " ind2=" ">
    <subfield code="2">ddc</subfield>
    <subfield code="c">BK</subfield>
  </datafield>
  <datafield tag="945" ind1=" " ind2=" ">
    <subfield code="a">Inventariado, 2017/MFF</subfield>
  </datafield>
  <datafield tag="952" ind1=" " ind2=" ">
    <subfield code="0">0</subfield>
    <subfield code="1">0</subfield>
    <subfield code="2">ddc</subfield>
    <subfield code="4">0</subfield>
    <subfield code="7">0</subfield>
    <subfield code="8">CD</subfield>
    <subfield code="a">BPMET</subfield>
    <subfield code="b">BPMET</subfield>
    <subfield code="d">2015-12-01</subfield>
    <subfield code="l">0</subfield>
    <subfield code="o">174.957   H831zg</subfield>
    <subfield code="p">BPMSU15120004</subfield>
    <subfield code="r">2015-12-01</subfield>
    <subfield code="w">2015-12-01</subfield>
    <subfield code="y">BK</subfield>
  </datafield>
  <datafield tag="952" ind1=" " ind2=" ">
    <subfield code="0">0</subfield>
    <subfield code="1">0</subfield>
    <subfield code="2">ddc</subfield>
    <subfield code="4">0</subfield>
    <subfield code="7">0</subfield>
    <subfield code="8">CD</subfield>
    <subfield code="a">BPMET</subfield>
    <subfield code="b">BPMET</subfield>
    <subfield code="d">2015-12-01</subfield>
    <subfield code="l">0</subfield>
    <subfield code="o">174.957   H831zg</subfield>
    <subfield code="p">BPMSU15120005</subfield>
    <subfield code="r">2015-12-01</subfield>
    <subfield code="t">ej.2</subfield>
    <subfield code="w">2015-12-01</subfield>
    <subfield code="y">BK</subfield>
  </datafield>
  <datafield tag="952" ind1=" " ind2=" ">
    <subfield code="0">0</subfield>
    <subfield code="1">0</subfield>
    <subfield code="2">ddc</subfield>
    <subfield code="4">0</subfield>
    <subfield code="7">0</subfield>
    <subfield code="8">CD</subfield>
    <subfield code="a">BPMET</subfield>
    <subfield code="b">BPMET</subfield>
    <subfield code="d">2015-12-01</subfield>
    <subfield code="l">0</subfield>
    <subfield code="o">174.957   H831zg</subfield>
    <subfield code="p">BPMSU15120006</subfield>
    <subfield code="r">2015-12-01</subfield>
    <subfield code="t">ej. 3</subfield>
    <subfield code="w">2015-12-01</subfield>
    <subfield code="y">BK</subfield>
  </datafield>
  <datafield tag="952" ind1=" " ind2=" ">
    <subfield code="0">0</subfield>
    <subfield code="1">0</subfield>
    <subfield code="2">ddc</subfield>
    <subfield code="4">0</subfield>
    <subfield code="7">0</subfield>
    <subfield code="8">CD</subfield>
    <subfield code="a">BPMET</subfield>
    <subfield code="b">BPMET</subfield>
    <subfield code="d">2015-12-01</subfield>
    <subfield code="l">0</subfield>
    <subfield code="o">174.957   H831zg</subfield>
    <subfield code="p">BPMSU15120007</subfield>
    <subfield code="r">2015-12-01</subfield>
    <subfield code="t">ej.  4</subfield>
    <subfield code="w">2015-12-01</subfield>
    <subfield code="y">BK</subfield>
  </datafield>
  <datafield tag="952" ind1=" " ind2=" ">
    <subfield code="0">0</subfield>
    <subfield code="1">0</subfield>
    <subfield code="2">ddc</subfield>
    <subfield code="4">0</subfield>
    <subfield code="7">0</subfield>
    <subfield code="8">CD</subfield>
    <subfield code="a">BPMET</subfield>
    <subfield code="b">BPMET</subfield>
    <subfield code="d">2015-12-01</subfield>
    <subfield code="l">0</subfield>
    <subfield code="o">174.957   H831zg</subfield>
    <subfield code="p">BPMSU15120008</subfield>
    <subfield code="r">2015-12-01</subfield>
    <subfield code="t">ej. 5</subfield>
    <subfield code="w">2015-12-01</subfield>
    <subfield code="y">BK</subfield>
  </datafield>
  <datafield tag="956" ind1=" " ind2=" ">
    <subfield code="a">JPARRA</subfield>
    <subfield code="b">10</subfield>
    <subfield code="c">20100311</subfield>
    <subfield code="l">BND01</subfield>
    <subfield code="h">0948</subfield>
  </datafield>
  <datafield tag="956" ind1=" " ind2=" ">
    <subfield code="a">JPARRA</subfield>
    <subfield code="b">10</subfield>
    <subfield code="c">20100311</subfield>
    <subfield code="l">BND01</subfield>
    <subfield code="h">0948</subfield>
  </datafield>
  <datafield tag="956" ind1=" " ind2=" ">
    <subfield code="a">IGARCIA</subfield>
    <subfield code="b">10</subfield>
    <subfield code="c">20100319</subfield>
    <subfield code="l">BND01</subfield>
    <subfield code="h">1420</subfield>
  </datafield>
  <datafield tag="956" ind1=" " ind2=" ">
    <subfield code="a">BTAVAREZ</subfield>
    <subfield code="b">10</subfield>
    <subfield code="c">20100325</subfield>
    <subfield code="l">BND01</subfield>
    <subfield code="h">1129</subfield>
  </datafield>
  <datafield tag="956" ind1=" " ind2=" ">
    <subfield code="a">BTAVAREZ</subfield>
    <subfield code="b">10</subfield>
    <subfield code="c">20100325</subfield>
    <subfield code="l">BND01</subfield>
    <subfield code="h">1130</subfield>
  </datafield>
  <datafield tag="956" ind1=" " ind2=" ">
    <subfield code="a">TMEREDITH</subfield>
    <subfield code="b">20</subfield>
    <subfield code="c">20100325</subfield>
    <subfield code="l">BND01</subfield>
    <subfield code="h">1519</subfield>
  </datafield>
  <datafield tag="956" ind1=" " ind2=" ">
    <subfield code="a">TMEREDITH</subfield>
    <subfield code="b">20</subfield>
    <subfield code="c">20110202</subfield>
    <subfield code="l">BND01</subfield>
    <subfield code="h">0829</subfield>
  </datafield>
  <datafield tag="999" ind1=" " ind2=" ">
    <subfield code="c">7207</subfield>
    <subfield code="d">7207</subfield>
  </datafield>
</record>
